| 000 | 00532nam a22001937a 4500 | ||
|---|---|---|---|
| 005 | 20151105130050.0 | ||
| 010 | _aPUN-7780 | ||
| 020 | _c130.00 | ||
| 035 | _aPN-6898 | ||
| 037 | _aunistar books | ||
| 082 | _a851 | ||
| 100 | _aਰਾਮ ਲਾਲ ਭਗਤ | ||
| 245 | _aਮਿਟੀ ਦੀ ਖ਼ਸ਼ਬੂ | ||
| 246 |
_aMitti di khasboo _bby Ram Lal Bhagat |
||
| 250 | _a2012 | ||
| 260 |
_aChandigarh _bUnistar Books |
||
| 300 |
_aPg.94 _b22cmਸਜਿਲਦ |
||
| 942 |
_2ddc _cPN _h851 _kਰਾਮਲਾ |
||
| 999 |
_c98099 _d98099 |
||